| 000 | 00554nam a22002057a 4500 | ||
|---|---|---|---|
| 999 |
_c24210 _d24210 |
||
| 003 | OSt | ||
| 005 | 20210624091054.0 | ||
| 008 | 170306b xxu||||| |||| 00| 0 eng d | ||
| 020 | _a0070013233 | ||
| 040 |
_aMMU _beng _cMMU _dMMU |
||
| 050 | _aBF724 .S75 1999 | ||
| 100 | _aSteinberg Laurence | ||
| 245 |
_aAdolescence / _c Laurence Steinberg |
||
| 250 | _a5th ed. | ||
| 260 |
_aToronto : _bMcGraw-Hill College , _c1999. |
||
| 300 |
_axxii, 519 p.: _bill.; |
||
| 500 | _aIncludes index | ||
| 650 | _aAdolescence | ||
| 942 |
_2lcc _cLOAN LOAN _e5th ed. |
||